MDQL
is popping MORE tags! Check the
thread
!
Quizzes
Events
Quiz Creation
Community
Videos
Private Events
Remove Ads
Sign In
Join for FREE
Feedback
Dark Mode
Quiz Categories
Sports
Geography
Music
Movies
Television
Just For Fun
Miscellaneous
History
Literature
Language
Science
Gaming
Entertainment
Religion
Holiday
For Kids
Quiz Lab
Recent
Popular Today
Quiz Kudos Today
Editor Picks
Curator Picks
Quizzes by...
Day
Popularity
Type
Ratings
Length
Year
Community
Subscriptions
Recent Discussions
Orange Saloon
Badges
Playlists
Quests
Create
Leaderboards
Showdown
Live 5
Trivia Bingo
Activity
Puzzle Library
Sporcle Events
Private Events
Virtual Trivia
Globe League
Become a Host
Pub Owners
SporcleCon
Opinionation
Our Games
Videos
Blog
Mobile Apps
Partnerships
Remove Ads and Go Orange
Feedback
Sports
Athletes
MLB
NBA
NHL
NFL
Soccer
Sports Teams
WWE
NCAA
Football
Premier League
Basketball
Baseball
Hockey
Golf
Tennis
Cricket
Rugby
Auto Racing
Olympics
World Cup
Sports
Athletes
MLB
NBA
NHL
NFL
Soccer
Sports Teams
WWE
NCAA
Football
Premier League
Basketball
Baseball
Hockey
Golf
Tennis
Cricket
Rugby
Auto Racing
Olympics
World Cup
Random Quiz
Search Sporcle
×
Quiz Lab
Quiz Lab
Sports
UEFA Europa League
Type in answers that appear in a list
Type in answers that appear in a list
Classic
Best Score? Go Orange.
UEFA Cup and Europa League winning managers Stats
Can you name the UEFA Cup and Europa League winning managers?
By
Muddymatt
10m
41 Questions
176 Plays
176 Plays
176 Plays
Comments
Comments
Give Quiz Kudos
Give Quiz Kudos
-
- Ratings
hide this ad
More Info
Replay
Link that replays current quiz
Next Quiz
Link to next quiz in quiz playlist
You Got
0%
They Got
Avg Score
46%
Avg Friend Score
Upgrade to see
Score Distribution
Jump to the score distribution portion of the page
Score
0/41
Timer
10:00
0
Plays Today
Year
Manager
% Correct
2003
Jose Mourinho
91.5%
2012
Diego Simeone
85.4%
2004
Rafael Benitez
83.5%
2001
Gerard Houllier
83%
2011
Andre Villas-Boas
73.9%
1977
Giovanni Trapattoni
71%
1991
Giovanni Trapattoni
71%
1993
Giovanni Trapattoni
71%
1992
Louis van Gaal
69.9%
2006
Juande Ramos
67.6%
2007
Juande Ramos
67.6%
2000
Fatih Terim
67%
1976
Bob Paisley
65.9%
1973
Bill Shankly
64.2%
1981
Bobby Robson
63.1%
2008
Dick Advocaat
60.2%
2009
Mircea Lucescu
59.1%
1982
Sven Goran Eriksson
54.5%
1996
Franz Beckenbauer
51.1%
2010
Quique Sanchez-Flores
49.4%
1972
Bill Nicholson
46.6%
Year
Manager
% Correct
2002
Bert van Marwijk
44.9%
1995
Nevio Scala
39.2%
1979
Udo Lattek
38.1%
1990
Dino Zoff
38.1%
2005
Valery Gazzaev
30.1%
1997
Huub Stevens
29.5%
1985
Luis Molowny
29%
1986
Luis Molowny
29%
1984
Keith Burkinshaw
27.8%
1975
Hennes Weisweiler
25%
1989
Ottavio Bianchi
24.4%
1999
Alberto Malesani
23.9%
1998
Luigi Simoni
22.7%
1983
Paul Van Himst
17.6%
1988
Erich Ribbeck
14.8%
1974
Wiel Coerver
12.5%
1978
Kees Rijvers
12.5%
1987
Gunder Bengtsson
10.8%
1994
Giampiero Marini
10.8%
1980
Friedel Rausch
6.3%
Quiz Playlist
Details
Report
Send in Message
Add To Playlist
More Info:
Thanks for playing. If anyone notices any typos please put it in the comments. Have fun!!!
Classic:
Type in answers that appear in a list
Last Updated: Feb 16, 2017
Quiz Scoreboard
CHALLENGE
Sign Up to Join the Scoreboard
Show All
Scores
Hide
Comments
May contain spoilers
Recently Published
Two Season TV Shows II
by 123Four
Television
10m
Image Sorting: Flags VI
by Barbecue
Geography
2m
Find the 'City' Movie
by crazypaving
Movies
60s
More to Explore
Quiz From the Vault
Featured Blog Post
14 Easter Pick-up Lines to Find Eggs With
hide this ad
You Might Also Like...
Tags
club
cup
europa
FA Cup
League
Manager
UEFA
UEFA Europa League
Winning
Today's Top Quizzes in Sports
Browse Sports
hide this ad
Today's Top Quizzes in UEFA Europa League
Browse UEFA Europa League
Top Contributed Quizzes in Sports
1
Les meilleurs buteurs des matchs entre le PSG et l’OM
2
Les entraîneurs de l'OM et du PSG au 21e siècle
3
2022 World Cup Stars
4
Les joueurs passés par le PSG et l'OM
5
Players with Multiple 50 Home Run Seasons
6
Criteria MLB: Left Handed Sluggers
7
FIFA Club World Cup Champions
8
Les joueurs passés par le LOSC et le RC Lens
9
NBA Logic Puzzle 2.0
10
Top 10 NHL Goal Scorers of All Time
Explore More
Trending Topics
Crossword
Marvel
Kpop
Disney
NBA
Harry Potter
Anime
WWE
Soccer
Song
Puzzle
Pokémon
NFL
Country
The Office
hide this ad
More By:
Muddymatt
Quiz
Plays
Rating
Category
Featured
Created
UEFA Cup and Europa League winning managers
176
3.67
Sports
Dec 9, 2011
Go to Creator's Profile
Score Distribution
Quiz Creator Spotlight
Muddymatt
Follow
Send a Message
Quizzes Created
-
Created Quiz Play Count
-
More By This Creator
Popular Quizzes Today
1
Colored Red Africa Blitz
2
Find the US States - No Outlines Minefield
3
Find the 'City' Movie
4
5x2 Blitz: Bands
5
The Countries of the World
6
Find the US States
7
Find the Countries of Europe - No Outlines Minefield
8
US States
More Sports Quizzes
Manchester United's Top Scorers Per Season
Quiz Lab
Trending Quizzes
Colored Red Europe Blitz I
Colored Red Africa Blitz II
Colored Red Europe Blitz II
Colored Red Africa Blitz III
Colored Red Europe Blitz III
Recently Updated
How Do You Spell That?
pecheneg
Godzilla Movies
pecheneg
Grab Bag: 4-10 Letters
pecheneg
2024 March Madness Bracket
pecheneg
Famous TV Couples
Peacemaker
Champions League XIs: Real Madrid
pecheneg
Largest US Cities 1790-2010
pecheneg
Rides in Walt Disney World
pecheneg
Most Oscar Losses (Acting)
pecheneg
Beyoncé Albums
pecheneg
Trending Topics
Crossword
Kpop
Disney
NBA
Anime
Marvel
Harry Potter
Puzzle
NFL
Song
Soccer
WWE
Country
The Office
Pokémon
Your Account Isn't Verified!
In order to create a playlist on Sporcle, you need to verify the email address you used during registration. Go to your
Sporcle Settings
to finish the process.
Report this User
Report this user for behavior that violates our
Community Guidelines
.
Details:
Send Report
Go to the Sporcle.com Mobile Site →
Comments